[Event "Montevideo op 8th"]
[Site "Montevideo"]
[Date "2025.02.06"]
[Round "7"]
[White "Dominguez, Facundo"]
[Black "Varela, Mateo"]
[Result "1/2-1/2"]
[WhiteElo "2159"]
[BlackElo "1955"]
[PlyCount "253"]
[EventDate "2025.01.31"]
[EventType "swiss"]
[EventRounds "9"]
[EventCountry "URU"]
[SourceTitle "CB08_2025"]
[SourceDate "2025.02.19"]
[SourceVersion "1"]
[SourceVersionDate "2025.02.19"]
[SourceQuality "1"]

1. e4 c5 2. Nf3 Nc6 3. Bb5 e6 4. 0-0 Nge7 5. Re1 a6 6. Bf1 d5 7. exd5 Nxd5 8. d4 cxd4 9. Nxd4 Ndb4 10. Nxc6 Qxd1 11. Rxd1 bxc6 12. Na3 a5 13. c3 Nd5 14. Nc4 f6 15. Nd2 Bc5 16. Ne4 Bb6 17. c4 Nc7 18. b3 e5 19. Nd6+ Ke7 20. Ba3 c5 21. Be2 Ne6 22. Bg4 g6 23. Bxe6 Bxe6 24. Ne4 Rhc8 25. Rd6 Bf5 26. Rxb6 Bxe4 27. f3 Bc2 28. Rc1 Bd3 29. Rb5 Ke6 30. Rd1 e4 31. fxe4 Bxe4 32. Bxc5 a4 33. Rb6+ Kf7 34. Rd7+ Kg8 35. b4 f5 36. Kf2 Rd8 37. Rbd6 Rxd7 38. Rxd7 Bb1 39. b5 Rc8 40. Bd6 Rxc4 41. b6 Be4 42. b7 Rc2+ 43. Ke3 Bxb7 44. Rxb7 Rxg2 45. Kf4 Rxh2 46. a3 Rd2 47. Bb4 Rc2 48. Kg5 Rc4 49. Ra7 Rc2 50. Rxa4 Kf7 51. Ra7+ Ke6 52. Rxh7 Rg2+ 53. Kf4 g5+ 54. Kf3 Rb2 55. Rg7 Rb3+ 56. Ke2 g4 57. Rg8 g3 58. Re8+ Kd5 59. Rd8+ Ke4 60. Re8+ Kd5 61. Rf8 Ke4 62. Bd2 Rxa3 63. Re8+ Kd5 64. Be3 Ra4 65. Kf3 Rg4 66. Rd8+ Ke5 67. Rd1 g2 68. Bf2 Ra4 69. Kxg2 Rg4+ 70. Kf1 Re4 71. Ra1 Kf4 72. Kg2 Kg4 73. Ra8 Kg5 74. Rg8+ Kf6 75. Kf3 Ra4 76. Be3 Kf7 77. Rb8 Ke6 78. Rb5 Rc4 79. Ke2 Ra4 80. Bd2 Ra3 81. Bc1 Ra4 82. Bb2 Re4+ 83. Kf3 Ra4 84. Re5+ Kd7 85. Rxf5 Ke8 86. Ke3 Rb4 87. Bd4 Rb1 88. Ke4 Re1+ 89. Kd5 Rd1 90. Ke5 Re1+ 91. Kd6 Rd1 92. Rf4 Rd2 93. Ke6 Kd8 94. Be5 Kc8 95. Rf7 Rd1 96. Rc7+ Kd8 97. Ra7 Kc8 98. Bd6 Re1+ 99. Kd5 Rc1 100. Bf4 Rc2 101. Rh7 Ra2 102. Be3 Ra6 103. Bc5 Rg6 104. Bd6 Rg1 105. Ra7 Kd8 106. Be5 Rd1+ 107. Ke6 Kc8 108. Rc7+ Kd8 109. Rf7 Kc8 110. Rf8+ Kb7 111. Rb8+ Kc6 112. Rc8+ Kb5 113. Kf5 Re1 114. Ke6 Rd1 115. Rc2 Rd3 116. Kf5 Rd1 117. Ke4 Rd7 118. Bd4 Rh7 119. Rc8 Rh4+ 120. Kd5 Rh5+ 121. Be5 Rg5 122. Rb8+ Ka5 123. Kd4 Ka6 124. Rb1 Rh5 125. Bd6 Rb5 126. Rg1 Rh5 127. Bc5 1/2-1/2

[Event "URU-ch 94th"]
[Site "Montevideo"]
[Date "2024.03.29"]
[Round "9"]
[White "Dominguez, Facundo"]
[Black "Elena, Eduardo"]
[Result "1-0"]
[WhiteElo "2111"]
[BlackElo "1972"]
[PlyCount "155"]
[EventDate "2024.03.23"]
[EventType "tourn"]
[EventRounds "11"]
[EventCountry "URU"]
[SourceTitle "CBM 219 Extra"]
[Source "ChessBase"]
[SourceDate "2024.05.31"]
[SourceVersion "1"]
[SourceVersionDate "2024.05.31"]
[SourceQuality "1"]

1. e4 c5 2. Nf3 Nc6 3. d4 cxd4 4. Nxd4 Nf6 5. Nc3 d6 6. Bc4 e5 7. Nf3 Be7 8. 0-0 0-0 9. Bg5 Bg4 10. h3 Be6 11. Bb3 Na5 12. Bxf6 Bxf6 13. Bd5 Qc7 14. Qd3 a6 15. Rfd1 Rfd8 16. Nd2 Rac8 17. Nb3 Nc4 18. Qxc4 Qxc4 19. Bxc4 Rxc4 20. Rd3 Be7 21. Rc1 Rdc8 22. Nd2 R4c7 23. Nf1 f5 24. Ne3 fxe4 25. Nxe4 Rd8 26. Rcd1 Rcd7 27. Nd5 Bxd5 28. Rxd5 Kf7 29. c4 b6 30. b3 Ke6 31. Kf1 Rc7 32. a4 Rc6 33. R1d3 Rf8 34. Ke2 Rf4 35. f3 Rf8 36. Kd2 Rb8 37. Nc3 Bh4 38. a5 Bf2 39. axb6 Rcxb6 40. Ne4 Bd4 41. Kc2 h6 42. f4 Rf8 43. Rf3 g6 44. Nd2 Rc6 45. fxe5 Rxf3 46. Nxf3 Bxe5 47. Nxe5 dxe5 48. Kd3 Kf5 49. Ke3 h5 50. g3 Rb6 51. Rd3 Rc6 52. Rd2 Rb6 53. Rf2+ Ke6 54. Rb2 a5 55. Kd3 Rb4 56. Kc3 Kf5 57. Ra2 Ke4 58. Rxa5 Rb6 59. c5 Rf6 60. Kc4 Rf1 61. Ra8 Rc1+ 62. Kb5 Kf3 63. c6 e4 64. Re8 Kxg3 65. Rxe4 Kxh3 66. Rc4 Rf1 67. c7 Rf8 68. c8Q+ Rxc8 69. Rxc8 g5 70. Kc4 g4 71. b4 g3 72. b5 g2 73. Rg8 h4 74. b6 Kh2 75. b7 g1Q 76. Rxg1 Kxg1 77. b8Q h3 78. Qg3+ 1-0

[Event "URU-ch 94th"]
[Site "Montevideo"]
[Date "2024.03.27"]
[Round "6"]
[White "Soto, Nicolas"]
[Black "Dominguez, Facundo"]
[Result "1-0"]
[WhiteElo "1992"]
[BlackElo "2111"]
[PlyCount "61"]
[EventDate "2024.03.23"]
[EventType "tourn"]
[EventRounds "11"]
[EventCountry "URU"]
[SourceTitle "CBM 219 Extra"]
[Source "ChessBase"]
[SourceDate "2024.05.31"]
[SourceVersion "1"]
[SourceVersionDate "2024.05.31"]
[SourceQuality "1"]

1. e4 e6 2. d4 d5 3. Nc3 Nf6 4. Bg5 dxe4 5. Nxe4 Nbd7 6. Nf3 h6 7. Nxf6+ Nxf6 8. Be3 Nd5 9. Bd3 Nxe3 10. fxe3 Bd6 11. Qe2 c6 12. 0-0-0 Qa5 13. Kb1 Bd7 14. Rdf1 Rf8 15. Nd2 Bc7 16. Nb3 Qg5 17. h4 Qe7 18. Nc5 Bb6 19. Nxd7 Qxd7 20. Qg4 g6 21. Qf4 0-0-0 22. Qxh6 c5 23. dxc5 Bxc5 24. Qf4 Bd6 25. Qc4+ Kb8 26. a4 Rc8 27. Qb3 Rc5 28. Rd1 Qc7 29. Be4 Be7 30. Rd4 f5 31. Bxb7 1-0

[Event "Florianopolis op 9th"]
[Site "Florianopolis"]
[Date "2023.01.28"]
[Round "8"]
[White "Dos Santos, Gustavo Mota"]
[Black "Dominguez, Facundo"]
[Result "0-1"]
[WhiteElo "1810"]
[BlackElo "2132"]
[PlyCount "54"]
[EventDate "2023.01.23"]
[EventType "swiss"]
[EventRounds "10"]
[EventCountry "BRA"]
[SourceTitle "CBM 212 Extra"]
[Source "ChessBase"]
[SourceDate "2023.03.31"]
[SourceVersion "1"]
[SourceVersionDate "2023.03.31"]
[SourceQuality "1"]

1. e4 c5 2. Nf3 e6 3. d3 Nc6 4. g3 g6 5. Bg2 Bg7 6. 0-0 Nge7 7. Nbd2 d5 8. c3 b6 9. Re1 0-0 10. Nf1 dxe4 11. dxe4 Qxd1 12. Rxd1 Ba6 13. Bf4 Rfd8 14. h4 Na5 15. Be5 Nc4 16. Bxg7 Kxg7 17. b3 Nb2 18. Rd2 Rxd2 19. N1xd2 Rd8 20. Bf1 Bb7 21. Re1 Nc6 22. Nc4 Nd1 23. a3 Nxc3 24. Re3 Nd1 25. Rd3 Rxd3 26. Bxd3 Ba6 27. Nxb6 Bxd3 0-1

[Event "Montevideo Trebejos 50 Anniv op"]
[Site "Montevideo"]
[Date "2022.09.21"]
[Round "5"]
[White "Elena, Eduardo"]
[Black "Dominguez, Facundo"]
[Result "1-0"]
[WhiteElo "1879"]
[BlackElo "2167"]
[PlyCount "135"]
[EventDate "2022.09.17"]
[EventType "swiss"]
[EventRounds "9"]
[EventCountry "URU"]
[SourceTitle "EXT 2023"]
[Source "ChessBase"]
[SourceDate "2022.10.05"]
[SourceVersion "1"]
[SourceVersionDate "2022.10.05"]
[SourceQuality "1"]

1. d4 e6 2. Nf3 Nf6 3. g3 b6 4. Bg2 Bb7 5. 0-0 c5 6. c4 cxd4 7. Nxd4 Bxg2 8. Kxg2 Be7 9. Nc3 0-0 10. e4 d6 11. Qe2 a6 12. b3 Qc7 13. Bb2 Nc6 14. Rad1 Rad8 15. Rd2 Nd7 16. Nxc6 Qxc6 17. Nd5 Rfe8 18. Nxe7+ Rxe7 19. Rfd1 Nc5 20. f3 Red7 21. Qe3 f6 22. Bd4 a5 23. g4 Rf7 24. Bxc5 bxc5 25. Qf4 Rfd7 26. a4 h6 27. h4 d5 28. exd5 exd5 29. cxd5 Qb6 30. Qc4 f5 31. gxf5 Qf6 32. d6+ Kh8 33. Qxc5 Qxh4 34. Rd4 Qg5+ 35. Rg4 Qf6 36. Rgd4 Qg5+ 37. Kh3 Rf7 38. Rg4 Qh5+ 39. Kg2 Rfd7 40. Rh1 Qf7 41. Rg6 Rf8 42. Qe5 Kh7 43. Qf4 Qxf5 44. Qxh6+ Kg8 45. Qh7+ Kf7 46. Rxg7+ Ke8 47. Qxf5 Rxg7+ 48. Qg4 Rxg4+ 49. fxg4 Rf4 50. Re1+ Kd7 51. Kg3 Rd4 52. Re3 Kxd6 53. Kh4 Rd1 54. Kh5 Rh1+ 55. Kg6 Kd5 56. g5 Kd4 57. Rf3 Rc1 58. Kh6 Ke5 59. g6 Ke6 60. Kh7 Rh1+ 61. Kg8 Rh5 62. g7 Ke7 63. Re3+ Kd7 64. Re4 Rh3 65. Kf7 Rf3+ 66. Kg6 Rg3+ 67. Kf6 Kd8 68. Re5 1-0

[Event "Montevideo Miercoles Trebejos 2nd"]
[Site "Montevideo"]
[Date "2022.08.17"]
[Round "5"]
[White "Jasper, Nicolas"]
[Black "Dominguez, Facundo"]
[Result "0-1"]
[WhiteElo "1689"]
[BlackElo "2171"]
[PlyCount "96"]
[EventDate "2022.07.20"]
[EventType "swiss"]
[EventRounds "6"]
[EventCountry "URU"]
[SourceTitle "EXT 2024"]
[Source "ChessBase"]
[SourceDate "2023.10.10"]
[SourceVersion "1"]
[SourceVersionDate "2023.10.10"]
[SourceQuality "1"]

1. d4 Nf6 2. Nf3 g6 3. Bf4 Bg7 4. h3 0-0 5. e3 d6 6. Bc4 Nc6 7. c3 Nd7 8. Nbd2 e5 9. dxe5 dxe5 10. Bg5 Qe8 11. e4 Nb6 12. Be2 Be6 13. h4 h6 14. Be3 Qe7 15. b4 Rfd8 16. Qc2 f5 17. h5 f4 18. Bc5 Qf6 19. hxg6 Nd7 20. Nb3 Kh8 21. b5 Ne7 22. Bb4 Nxg6 23. Rd1 Bf8 24. Bxf8 Qxf8 25. Ng5 Bg8 26. Bg4 Nf6 27. Rxd8 Rxd8 28. Bf5 Ne7 29. Be6 Kg7 30. Bxg8 hxg5 31. Be6 Ng6 32. g3 Qe8 33. Bc4 b6 34. a4 Qd7 35. Be2 g4 36. gxf4 Nxf4 37. Rg1 Rh8 38. Bxg4 Nxg4 39. f3 Nd3+ 40. Kf1 Kf8 41. Rxg4 Nf4 42. Nd2 Rh1+ 43. Kf2 Rh2+ 44. Ke1 Nd3+ 45. Kf1 Rf2+ 46. Kg1 Qh7 47. Rg2 Rxg2+ 48. Kxg2 Ne1+ 0-1

[Event "URU-chT Clubs"]
[Site "Punta del Este"]
[Date "2021.10.29"]
[Round "1.2"]
[White "Elias, Adriano"]
[Black "Dominguez, Facundo"]
[Result "0-1"]
[WhiteElo "1681"]
[BlackElo "2164"]
[PlyCount "48"]
[EventDate "2021.10.29"]
[EventType "team-swiss"]
[EventRounds "5"]
[EventCountry "URU"]
[SourceTitle "CBM 205 Extra"]
[Source "ChessBase"]
[SourceDate "2022.01.31"]
[SourceVersion "1"]
[SourceVersionDate "2022.01.31"]
[SourceQuality "1"]
[WhiteTeam "Maldonado II"]
[BlackTeam "Montevideo Piratas del Tablero"]
[WhiteTeamCountry "URU"]
[BlackTeamCountry "URU"]

1. e4 e6 2. d4 d5 3. e5 c5 4. Nf3 Nc6 5. c3 Qb6 6. a3 Nh6 7. b4 cxd4 8. cxd4 Nf5 9. Bb2 Bd7 10. Be2 Be7 11. 0-0 0-0 12. Kh1 Rac8 13. g4 Nh4 14. Nxh4 Bxh4 15. f4 f6 16. Qd3 fxe5 17. dxe5 Bf2 18. Nc3 Qe3 19. Rxf2 Qxf2 20. Nxd5 exd5 21. Qxd5+ Kh8 22. e6 Qxe2 23. Bxg7+ Kxg7 24. Qg5+ Kh8 0-1